José Tudela (Record no. 180157)

MARC details
000 -LEADER
campo de control de longitud fija 00958nam a2200265 i 4500
001 - NÚMERO DE CONTROL
campo de control 180157
003 - IDENTIFICADOR DE NÚMERO DE CONTROL
campo de control ES-MaACL
005 - FECHA Y HORA DE LA ÚLTIMA TRANSACCIÓN
campo de control 20230928173829.0
008 - DATOS DE LONGITUD FIJA--INFORMACIÓN GENERAL
campo de control de longitud fija 120508s2010 sp aco |||| |bspa d
020 ## - NÚMERO INTERNACIONAL ESTÁNDAR DEL LIBRO
Número Internacional Estándar del Libro 84-96695-43-3
080 ## - NÚMERO DE LA CLASIFICACIÓN DECIMAL UNIVERSAL
Número de la Clasificación Decimal Universal 929Tudela, José
080 ## - NÚMERO DE LA CLASIFICACIÓN DECIMAL UNIVERSAL
Número de la Clasificación Decimal Universal 821.134.2Tudela de la Orden, José1.07
100 1# - ENTRADA PRINCIPAL--NOMBRE DE PERSONA
Nombre de persona Goig Soler, María Isabel.
9 (RLIN) 57620
245 10 - MENCIÓN DEL TÍTULO
Título José Tudela
Resto del título : la persona y sus espacios /
Mención de responsabilidad, etc. Isabel Goig Soler.
260 ## - PUBLICACIÓN, DISTRIBUCIÓN, ETC.
Lugar de publicación, distribución, etc. Soria :
Nombre del editor, distribuidor, etc. Diputación Provincial de Soria,
Fecha de publicación, distribución, etc. [2010]
300 ## - DESCRIPCIÓN FÍSICA
Extensión 435 p. :
Otras características físicas il. col. y n., fot. ;
Dimensiones 23 cm.
504 ## - NOTA DE BIBLIOGRAFÍA, ETC.
Nota de bibliografía, etc. Bibliografía: p. 431-432.
600 14 - PUNTO DE ACCESO ADICIONAL DE MATERIA--NOMBRE DE PERSONA
Nombre de persona Tudela de la Orden, José.
9 (RLIN) 111634
651 #4 - PUNTO DE ACCESO ADICIONAL DE MATERIA--NOMBRE GEOGRÁFICO
Nombre geográfico Soria (Provicia)-
Subdivisión general Descripción.
9 (RLIN) 9408
700 1# - ENTRADA AGREGADA--NOMBRE PERSONAL
Nombre de persona Tudela de la Orden, José.
9 (RLIN) 111634
710 1# - ENTRADA AGREGADA--NOMBRE DE ENTIDAD CORPORATIVA
Nombre de entidad corporativa o nombre de jurisdicción como elemento de entrada Soria (Provincia).
Unidad subordinada Diputación Provincial.
9 (RLIN) 6880
852 ## - LOCALIZACIÓN
Ubicación ES-MaACL
Número de control de estantería A-12071
itemnumber 187067
Sublocalización o colección R.146806
Ubicación en estantería Depósito 1
Signatura antigua Olim: N-5076
942 ## - ELEMENTOS DE ENTRADA SECUNDARIOS (KOHA)
Fuente del sistema de clasificación o colocación Clasificación decimal universal
Tipo de ítem Koha Libro impreso
Holdings
Estatus retirado Estado de pérdida Fuente del sistema de clasificación o colocación Estado de daño No para préstamo Biblioteca de origen Biblioteca actual Ubicación en estantería Fecha de adquisición Fuente de adquisición Total de préstamos Signatura topográfica completa Código de barras Visto por última vez Precio de reemplazo Tipo de ítem Koha
    Clasificación decimal universal     Biblioteca del Ateneo de Madrid Biblioteca del Ateneo de Madrid Depósito 1 08/05/2012 Donación   A-12071 1189298 23/02/2023 23/02/2023 Libro impreso